Visualização normal
Visualização MARC
Entrada Personal Name
Número de registros usados em: 1
001 - CONTROL NUMBER
- control field: 1130
003 - CONTROL NUMBER IDENTIFIER
- control field: OSt
005 - DATE AND TIME OF LATEST TRANSACTION
- control field: 20260422165134.0
008 - FIXED-LENGTH DATA ELEMENTS
- fixed length control field: 260422|| aca||aabn | a|a d
040 ## - CATALOGING SOURCE
- Original cataloging agency: OSt
100 1# - HEADING--PERSONAL NAME
- Personal name: Manus, Pedro Paulo Teixeira
- Dates associated with a name: 1951-
400 ## - SEE FROM TRACING--PERSONAL NAME
- Personal name: Manus, Pedro Paulo T.
- Dates associated with a name: 1951-
- Fuller form of name: (Pedro Paulo Teixeira)
670 ## - SOURCE DATA FOUND
- Source citation: BN on-line (22-04-2026)
